Possibilities for biological control of chromolaena odorata (Record no. 45441)

MARC details
000 -LEADER
fixed length control field 00335nam a2200121Ia 4500
100 ## - MAIN ENTRY--AUTHOR NAME
Personal name Cock M J W
245 #0 - TITLE STATEMENT
Title Possibilities for biological control of chromolaena odorata
260 ## - PUBLICATION, DISTRIBUTION, ETC. (IMPRINT)
Name of publisher Tropical Pest Management
Year of publication 1984
300 ## - PHYSICAL DESCRIPTION
Number of Pages 13-Jul
650 ## - SUBJECT ADDED ENTRY--TOPICAL TERM
Topical Term Biological control
942 ## - ADDED ENTRY ELEMENTS (KOHA)
Koha item type Reprints
Holdings
Withdrawn status Lost status Damaged status Not for loan Home library Current library Shelving location Date acquired Serial Enumeration / chronology Accession Number Koha item type
      Reprints RRII Library RRII Library Pathology 22/12/2021 Volume 30, Issue 1 P01264 Reprints